Creation Artistique

Gardado en:
Detalles Bibliográficos
Autor Principal: Vellas, Pierre (Author)
Formato: Libro
Idioma:francés
Publicado: Quebec Les Editions Succes du Jour 1983
Series:Troisieme Age
Subjects:
Tags: Engadir etiqueta
Sen Etiquetas, Sexa o primeiro en etiquetar este rexistro!

MARC

LEADER 00000nam a2200000 a 4500
001 UCW3162
003 CL-VaPUC
008 880504e19830000CN |||||||||||||||||fre|d
082 0 4 |a 362.6  |b VEL  |2 21 
100 0 |a Vellas, Pierre  |e author  |9 307291 
245 1 0 |a Creation Artistique 
300 |a 113 p 
942 |c BK 
945 |d 19880504 00:00:00 
260 |a Quebec  |b Les Editions Succes du Jour  |c 1983 
650 0 |a Aptitud creadora  |9 307292 
650 0 |a Arte  |9 265238 
650 0 |a Tercera edad   |9 307285 
650 0 |a Ancianos   |9 307293 
583 |a last modification  |c 20170904 09:48:38  |k Rodrigo Vera 
490 0 |a Troisieme Age 
999 |c 217323  |d 217321 
952 |0 0  |1 0  |4 0  |6 362_600000000000000_VEL_1983  |7 0  |8 P  |9 204598  |a BIBEDU  |b BIBEDU  |c BIBEDU_PB  |d 2019-11-15  |i 272331K  |o 362.6 VEL 1983  |p 272331K  |r 2024-01-25  |w 2019-11-15  |y BK  |k EDU